[Event "Lueneburg distr-ch Meister"]
[Site "Muenster"]
[Date "2019.10.19"]
[Round "5"]
[White "Noack, Reiner"]
[Black "Bargsten, Justus"]
[Result "0-1"]
[WhiteElo "2067"]
[BlackElo "1942"]
[PlyCount "62"]
[EventDate "2019.10.17"]
[EventType "swiss"]
[EventRounds "7"]
[EventCountry "GER"]
[SourceTitle "EXT 2023"]
[Source "ChessBase"]
[SourceDate "2022.10.05"]
[SourceVersion "1"]
[SourceVersionDate "2022.10.05"]
[SourceQuality "1"]

1. d4 Nf6 2. c4 e6 3. Nf3 b6 4. a3 Bb7 5. Nc3 d5 6. cxd5 Nxd5 7. e3 Nxc3 8. bxc3 c5 9. Bd3 Be7 10. 0-0 0-0 11. Qe2 Qc8 12. Bb2 cxd4 13. exd4 Bf6 14. c4 Rd8 15. Rfd1 Nd7 16. Rac1 Qc7 17. Qe3 Rac8 18. h4 h6 19. Re1 Bxf3 20. Qxf3 Nc5 21. dxc5 Bxb2 22. cxb6 axb6 23. Rb1 Bxa3 24. Qe4 Bc5 25. Rb3 g6 26. Qg4 Rd4 27. Be4 h5 28. Qg5 Qd8 29. Qh6 Rxe4 30. Rxe4 Qd1+ 31. Kh2 Bxf2 0-1

[Event "Oberliga Nord W 1112"]
[Site "Germany"]
[Date "2012.03.18"]
[Round "8.8"]
[White "Konow, Philipp"]
[Black "Noack, Reiner"]
[Result "1/2-1/2"]
[WhiteElo "1974"]
[BlackElo "2114"]
[PlyCount "80"]
[EventDate "2011.10.02"]
[EventType "team-tourn"]
[EventRounds "9"]
[EventCountry "GER"]
[SourceTitle "EXT 2013"]
[Source "ChessBase"]
[SourceDate "2012.11.22"]
[SourceVersion "1"]
[SourceVersionDate "2012.11.22"]
[SourceQuality "1"]
[WhiteTeam "Stade"]
[BlackTeam "Uelzen Post"]
[WhiteTeamCountry "GER"]
[BlackTeamCountry "GER"]

1. d4 d5 2. c4 e6 3. Nc3 c5 4. Nf3 Nc6 5. cxd5 exd5 6. g3 c4 7. Bg2 Bb4 8. 0-0 Nge7 9. Ne5 0-0 10. Nxc6 bxc6 11. e4 Bxc3 12. bxc3 dxe4 13. Qe2 Qa5 14. Qxe4 Be6 15. Bd2 Rfe8 16. Rfe1 Rab8 17. Reb1 Nd5 18. Qc2 Rb6 19. Be4 g6 20. h4 Bg4 21. Re1 Reb8 22. Rab1 Qa3 23. Rxb6 axb6 24. Bxd5 cxd5 25. Bc1 Qf8 26. Bf4 Re8 27. Qd2 b5 28. Rxe8 Qxe8 29. Be5 f6 30. Bxf6 h5 31. Be5 Qf8 32. Qf4 Qxf4 33. Bxf4 Bf3 34. Kf1 Kf7 35. Ke1 Ke6 36. Kd2 Kf5 37. Ke3 Bd1 38. Bg5 Bc2 39. a3 Bd1 40. Bd8 Bc2 1/2-1/2

[Event "Bargteheide op"]
[Site "Bargteheide"]
[Date "2004.05.20"]
[Round "2"]
[White "Scheerer, Christoph"]
[Black "Noack, Reiner"]
[Result "1-0"]
[WhiteElo "2399"]
[BlackElo "2154"]
[PlyCount "75"]
[EventDate "2004.05.??"]
[EventType "swiss"]
[EventRounds "7"]
[EventCountry "GER"]
[SourceTitle "CBM 100 Extra"]
[Source "ChessBase"]
[SourceDate "2004.07.06"]
[SourceVersion "2"]
[SourceVersionDate "2004.07.06"]
[SourceQuality "1"]

1. e4 e6 2. d3 c5 3. Nf3 g6 4. d4 Bg7 5. dxc5 Qa5+ 6. c3 Qxc5 7. Be3 Qc7 8. Bd4 e5 9. Be3 Ne7 10. Na3 0-0 11. Nb5 Qd8 12. Qd6 Nbc6 13. Nc7 Rb8 14. Bc4 b5 15. Bb3 Bb7 16. Rd1 Na5 17. Qxd7 Nxb3 18. axb3 Bxe4 19. Bc5 Nd5 20. Rxd5 Bxd5 21. Qxd5 Qxc7 22. Bxf8 Rxf8 23. Qxb5 e4 24. Nd2 Bh6 25. Nc4 Rb8 26. Qd5 Rxb3 27. 0-0 Qb7 28. Qd8+ Bf8 29. Rd1 Qb8 30. Qd4 Rb7 31. Qxe4 Re7 32. Qc2 Qb5 33. Ne3 Bh6 34. Ng4 Bf8 35. c4 Qb4 36. g3 h5 37. Nf6+ Kh8 38. Nd5 1-0

[Event "Niedersachsen-ch"]
[Site "Verden"]
[Date "2004.01.04"]
[Round "5.7"]
[White "Gutman, Lev"]
[Black "Noack, Reiner"]
[Result "1-0"]
[WhiteElo "2468"]
[BlackElo "1983"]
[PlyCount "109"]
[EventDate "2004.01.02"]
[EventType "swiss"]
[EventRounds "7"]
[EventCountry "GER"]
[SourceTitle "EXT 2005"]
[Source "ChessBase"]
[SourceDate "2004.11.15"]
[SourceVersion "1"]
[SourceVersionDate "2004.11.15"]
[SourceQuality "1"]

1. Nf3 Nf6 2. g3 d5 3. Bg2 c6 4. a4 Nbd7 5. d4 Ne4 6. a5 e6 7. c3 Bd6 8. 0-0 0-0 9. c4 Bb4 10. Qa4 Be7 11. Ne1 Nd6 12. b3 Nb8 13. Nc3 Bd7 14. Qa2 Na6 15. Nf3 Nb4 16. Qb1 Rc8 17. c5 Nb5 18. Bd2 Na6 19. Na4 Bf6 20. Qb2 Qe7 21. Rac1 Rfd8 22. Rfd1 Be8 23. h4 h6 24. Bh3 Bd7 25. Bf1 Be8 26. e3 g6 27. b4 Bg7 28. Bd3 Nb8 29. Ne5 Nd7 30. f4 f5 31. a6 bxa6 32. Nc3 Nf6 33. Ra1 Ne4 34. Nxe4 fxe4 35. Be2 g5 36. hxg5 hxg5 37. Kg2 Nc7 38. Rh1 Bxe5 39. fxe5 Bg6 40. b5 axb5 41. Rxa7 Rd7 42. Qa1 Rf8 43. Ba5 Ne8 44. Rxd7 Qxd7 45. Bb6 Ng7 46. g4 Qb7 47. Qd1 Qa8 48. Rh6 Qe8 49. Qh1 Kf7 50. Bc7 Rg8 51. Qf1+ Nf5 52. gxf5 exf5 53. Bh5 Ke6 54. Bd6 Qf7 55. Qa1 1-0

[Event "Bargteheide op 6th"]
[Site "Bargteheide"]
[Date "2003.05.30"]
[Round "3"]
[White "Noack, Reiner"]
[Black "Stanke, Juergen"]
[Result "0-1"]
[WhiteElo "2153"]
[BlackElo "2322"]
[PlyCount "92"]
[EventDate "2003.05.29"]
[EventType "swiss"]
[EventRounds "7"]
[EventCountry "GER"]
[SourceTitle "CBM 094 Extra"]
[Source "ChessBase"]
[SourceDate "2003.07.09"]
[SourceVersion "2"]
[SourceVersionDate "2003.07.09"]
[SourceQuality "1"]

1. d4 Nf6 2. c4 e6 3. Nf3 d5 4. Bg5 Be7 5. Nc3 0-0 6. e3 Nbd7 7. Qc2 c6 8. cxd5 exd5 9. Bd3 Re8 10. 0-0 Nf8 11. h3 Ng6 12. Bxf6 Bxf6 13. b4 a6 14. a4 Be6 15. Rab1 Qd6 16. Ne2 b5 17. a5 Bd7 18. Nd2 Qf8 19. Rb2 Be7 20. Rfb1 f5 21. Nf3 Bd6 22. h4 Qf6 23. g3 Rf8 24. h5 Ne7 25. Kg2 g5 26. hxg6 hxg6 27. Rh1 Kg7 28. Rbb1 Rh8 29. Qb2 Rxh1 30. Rxh1 Rh8 31. Rxh8 Kxh8 32. Ne5 Be8 33. f4 Ng8 34. Bb1 Qe7 35. Qc1 Bxb4 36. g4 fxg4 37. Bxg6 Kg7 38. Bxe8 Qxe8 39. Nxc6 Bd2 40. Qxd2 Qxc6 41. Qc3 Ne7 42. Qa3 Nf5 43. Qd3 Qc4 44. Qxf5 Qxe2+ 45. Kg1 Qxe3+ 46. Kg2 Qe4+ 0-1

[Event "Bargteheide op 6th"]
[Site "Bargteheide"]
[Date "2003.05.29"]
[Round "2"]
[White "Salov, Sergej"]
[Black "Noack, Reiner"]
[Result "1/2-1/2"]
[WhiteElo "2364"]
[BlackElo "2153"]
[PlyCount "47"]
[EventDate "2003.05.29"]
[EventType "swiss"]
[EventRounds "7"]
[EventCountry "GER"]
[SourceTitle "CBM 094 Extra"]
[Source "ChessBase"]
[SourceDate "2003.07.09"]
[SourceVersion "2"]
[SourceVersionDate "2003.07.09"]
[SourceQuality "1"]

1. e4 e6 2. d4 d5 3. Nd2 dxe4 4. Nxe4 Nd7 5. Nf3 Ngf6 6. Nxf6+ Nxf6 7. Bc4 Be7 8. 0-0 0-0 9. Qe2 b6 10. Bg5 Bb7 11. Rad1 c6 12. Rfe1 Re8 13. Ne5 Nd5 14. Bc1 Bf6 15. Bb3 Qe7 16. c4 Nc7 17. Qe4 Na6 18. Bc2 g6 19. Ng4 Bg7 20. Nh6+ Kh8 21. Qf3 f5 22. Bg5 Qf8 23. Qh3 c5 24. Bf4 1/2-1/2

[Event "BEM-ch M"]
[Site "Stade"]
[Date "2000.10.21"]
[Round "1"]
[White "Gaede, Derek"]
[Black "Noack, Reiner"]
[Result "0-1"]
[WhiteElo "2029"]
[BlackElo "2147"]
[PlyCount "152"]
[EventDate "2000.10.21"]
[EventType "swiss"]
[EventRounds "7"]
[EventCountry "GER"]
[SourceTitle "EXT 2003"]
[Source "ChessBase"]
[SourceDate "2002.11.25"]
[SourceVersion "1"]
[SourceVersionDate "2002.11.25"]
[SourceQuality "1"]

1. d4 Nf6 2. c4 c5 3. d5 b5 4. cxb5 a6 5. b6 Qxb6 6. Nc3 g6 7. e4 d6 8. f4 Bg7 9. Nf3 0-0 10. Bc4 Qb4 11. Nd2 Bg4 12. Qc2 Bd7 13. Qd3 Ne8 14. 0-0 Nc7 15. a4 Qb6 16. f5 Bc8 17. Nf3 Nd7 18. Bg5 Re8 19. Bf4 a5 20. fxg6 hxg6 21. Ng5 Bd4+ 22. Kh1 Nf6 23. Qg3 Kg7 24. Ne2 Rh8 25. Nxd4 cxd4 26. e5 Nh5 27. Qf3 f6 28. exd6 Nxf4 29. Qxf4 Qxd6 30. Qxd6 exd6 31. Ne4 Ne8 32. Rad1 Rh4 33. Rfe1 f5 34. Ng5 Nf6 35. Re7+ Kg8 36. Nf3 Re4 37. Rxe4 Nxe4 38. Rxd4 Bd7 39. b3 Rb8 40. Kg1 Kf7 41. Rd1 Rb4 42. Nd4 Bxa4 43. Rc1 Nd2 44. bxa4 Nxc4 45. Nb5 Ke7 46. Re1+ Ne5 47. Ra1 Nd3 48. Kf1 Nc5 49. Nc3 Rc4 50. Ra3 Rd4 51. Ke2 Kf6 52. Ra1 Ke5 53. g3 Ne4 54. Nxe4 Rxe4+ 55. Kf3 Kxd5 56. h4 Ke5 57. Ra3 d5 58. Ra2 Kd6 59. Rb2 d4 60. Rb6+ Ke5 61. Rb5+ Ke6 62. Rxa5 d3 63. Ra6+ Kd7 64. Ra7+ Kc6 65. Ra8 Kc5 66. Rd8 Kc4 67. a5 Re6 68. Kf4 Kc3 69. h5 Re4+ 70. Kg5 Rg4+ 71. Kf6 gxh5 72. Kxf5 Rxg3 73. a6 Rg7 74. Rc8+ Kd2 75. Ke4 Ke2 76. Rb8 Ra7 0-1